[Event "GRE-chT 41st"]
[Site "Achaia"]
[Date "2013.07.02"]
[Round "1.4"]
[White "Poulopoulos, Ioannis"]
[Black "Nichlos, Antonios"]
[Result "1-0"]
[WhiteElo "2066"]
[BlackElo "1694"]
[PlyCount "87"]
[EventDate "2013.07.02"]
[EventType "team-swiss"]
[EventRounds "7"]
[EventCountry "GRE"]
[SourceTitle "CBM 155 Extra"]
[Source "ChessBase"]
[SourceDate "2013.08.26"]
[SourceVersion "1"]
[SourceVersionDate "2013.08.26"]
[SourceQuality "1"]
[WhiteTeam "Papagou DP"]
[BlackTeam "Lato Saint Nicholas"]
[WhiteTeamCountry "GRE"]
[BlackTeamCountry "GRE"]

1. e4 c5 2. Nf3 d6 3. Bb5+ Bd7 4. Bxd7+ Qxd7 5. c4 Nc6 6. Nc3 e5 7. Nd5 Nge7 8. d3 h6 9. a3 Nxd5 10. cxd5 Ne7 11. 0-0 g5 12. b4 b6 13. bxc5 bxc5 14. Rb1 f5 15. Qb3 fxe4 16. dxe4 Rc8 17. Nd2 Bg7 18. Nc4 0-0 19. Bd2 Ng6 20. Qb5 Rf7 21. Qxd7 Rxd7 22. Rb5 Rf8 23. Rfb1 Rff7 24. a4 Nf4 25. a5 Nd3 26. f3 Kh7 27. a6 Kg6 28. Rb7 Bf8 29. Rxd7 Rxd7 30. Rb7 Rf7 31. Kf1 g4 32. Ke2 gxf3+ 33. gxf3 Nf4+ 34. Bxf4 exf4 35. Na5 Bg7 36. Nc6 Bd4 37. Rxf7 Kxf7 38. Nxa7 c4 39. Nc6 Bc5 40. a7 Bxa7 41. Nxa7 Kf6 42. Nc6 Kg5 43. e5 dxe5 44. d6 1-0